<?xml version="1.0" encoding="UTF-8"?><marc:collection xmlns:marc="http://www.loc.gov/MARC21/slim">
  <marc:record>
    <marc:leader>00000nam##2200000za#4500</marc:leader>
    <marc:controlfield tag="001">9.531561</marc:controlfield>
    <marc:controlfield tag="003">CaOODSP</marc:controlfield>
    <marc:controlfield tag="005">20200331230800</marc:controlfield>
    <marc:controlfield tag="007">ta</marc:controlfield>
    <marc:controlfield tag="008">150406|1999||||xxc|||||     f|0| 0 fre|d</marc:controlfield>
    <marc:datafield tag="020" ind1=" " ind2=" ">
      <marc:subfield code="a">0-662-64099-3</marc:subfield>
    </marc:datafield>
    <marc:datafield tag="040" ind1=" " ind2=" ">
      <marc:subfield code="a">CaOODSP</marc:subfield>
      <marc:subfield code="b">fre</marc:subfield>
    </marc:datafield>
    <marc:datafield tag="041" ind1=" " ind2=" ">
      <marc:subfield code="a">eng</marc:subfield>
    </marc:datafield>
    <marc:datafield tag="041" ind1=" " ind2=" ">
      <marc:subfield code="a">fre</marc:subfield>
    </marc:datafield>
    <marc:datafield tag="043" ind1=" " ind2=" ">
      <marc:subfield code="a">n-cn---</marc:subfield>
    </marc:datafield>
    <marc:datafield tag="086" ind1="1" ind2=" ">
      <marc:subfield code="a">C21-24/29-1999</marc:subfield>
    </marc:datafield>
    <marc:datafield tag="110" ind1="1" ind2=" ">
      <marc:subfield code="a">Canada.</marc:subfield>
      <marc:subfield code="b">Industrie Canada. </marc:subfield>
      <marc:subfield code="b">Direction de l'analyse micro-économique.</marc:subfield>
    </marc:datafield>
    <marc:datafield tag="245" ind1="1" ind2="0">
      <marc:subfield code="a">Technologie et demande de compétences : </marc:subfield>
      <marc:subfield code="b">une analyse au niveau de l'industrie / </marc:subfield>
    </marc:datafield>
    <marc:datafield tag="260" ind1=" " ind2=" ">
      <marc:subfield code="a">Ottawa - Ontario : </marc:subfield>
      <marc:subfield code="b">Industrie Canada. </marc:subfield>
    </marc:datafield>
    <marc:datafield tag="300" ind1=" " ind2=" ">
      <marc:subfield code="a">Texte français, i, 52p. : </marc:subfield>
      <marc:subfield code="b">tableaux ; </marc:subfield>
      <marc:subfield code="c">28 cm.</marc:subfield>
    </marc:datafield>
    <marc:datafield tag="490" ind1="1" ind2=" ">
      <marc:subfield code="a">Documents de travail</marc:subfield>
      <marc:subfield code="v">28</marc:subfield>
    </marc:datafield>
    <marc:datafield tag="500" ind1=" " ind2=" ">
      <marc:subfield code="a">«Dans ce document, nous examinons l'effet du changement technologique sur la demande relative de travailleurs spécialisés dans les industries canadiennes. A l'aide de données provenant de diverses enquêtes sur le marché du travail canadien, nous explorons deux questions: 1) l'intensité des compétences a-t-elle augmenté dans l'ensemble des industries au cours de la période 1981--1994? et 2) le changement technologique non neutre est-il la principale cause du déplacement de la demande vers les travailleurs qualifiés? Nous procédons en deux étapes. Premièrement, nous utilisons deux critères généraux de différenciation professionnelle pour élaborer deux mesures différentes des compétences centrées sur l'industrie--l'une fondée sur la classification des compétences issue de la Classification nationale des professions (CNP). Deuxièmement, nous combinons les données sur let l'autre fondée sur le modèle de classification des compétences proposé par Wolff et Baumol (1989). Deuxièmement, nous combinons les données sur les compétences à quatre mesures de la technologie au niveau de l'industrie: le stock de recherche et de développement (R-D), le stock de brevets utilisé par l'industrie, la productivité totale des facteurs et l'âge du stock de capital.»--Sommaire.</marc:subfield>
    </marc:datafield>
    <marc:datafield tag="504" ind1=" " ind2=" ">
      <marc:subfield code="a">Bibliographie.</marc:subfield>
    </marc:datafield>
    <marc:datafield tag="520" ind1="3" ind2=" ">
      <marc:subfield code="a">Dans ce document, nous examinons l'effet du changement technologique sur la demande relative de travailleurs spécialisés dans les industries canadiennes. A l'aide de données provenant de diverses enquêtes sur le marché du travail canadien, nous explorons deux questions: 1) l'intensité des compétences a-t-elle augmenté dans l'ensemble des industries au cours de la période 1981--1994? et 2) le changement technologique non neutre est-il la principale cause du déplacement de la demande vers les travailleurs qualifiés? Nous procédons en deux étapes. Premièrement, nous utilisons deux critères généraux de différenciation professionnelle pour élaborer deux mesures différentes des compétences centrées sur l'industrie--l'une fondée sur la classification des compétences issue de la Classification nationale des professions (CNP). Deuxièmement, nous combinons les données sur let l'autre fondée sur le modèle de classification des compétences proposé par Wolff et Baumol (1989). Deuxièmement, nous combinons les données sur les compétences à quatre mesures de la technologie au niveau de l'industrie: le stock de recherche et de développement (R-D), le stock de brevets utilisé par l'industrie, la productivité totale des facteurs et l'âge du stock de capital.--Sommaire</marc:subfield>
    </marc:datafield>
    <marc:datafield tag="546" ind1=" " ind2=" ">
      <marc:subfield code="a">Bilingue</marc:subfield>
    </marc:datafield>
    <marc:datafield tag="563" ind1=" " ind2=" ">
      <marc:subfield code="a">Couverture souple</marc:subfield>
    </marc:datafield>
    <marc:datafield tag="590" ind1=" " ind2=" ">
      <marc:subfield code="a">99-50</marc:subfield>
      <marc:subfield code="b">1999-12-17</marc:subfield>
    </marc:datafield>
    <marc:datafield tag="691" ind1="0" ind2="7">
      <marc:subfield code="a">Innovation technologique</marc:subfield>
      <marc:subfield code="2">gcpds</marc:subfield>
    </marc:datafield>
    <marc:datafield tag="691" ind1="0" ind2="7">
      <marc:subfield code="a">Marché du travail</marc:subfield>
      <marc:subfield code="2">gcpds</marc:subfield>
    </marc:datafield>
    <marc:datafield tag="691" ind1="0" ind2="7">
      <marc:subfield code="a">Industrie</marc:subfield>
      <marc:subfield code="2">gcpds</marc:subfield>
    </marc:datafield>
    <marc:datafield tag="720" ind1="1" ind2=" ">
      <marc:subfield code="a">Gera, Surendra</marc:subfield>
    </marc:datafield>
    <marc:datafield tag="720" ind1="1" ind2=" ">
      <marc:subfield code="a">Gu, Wulong</marc:subfield>
    </marc:datafield>
    <marc:datafield tag="720" ind1="1" ind2=" ">
      <marc:subfield code="a">Lin, Zhengxi</marc:subfield>
    </marc:datafield>
    <marc:datafield tag="776" ind1="0" ind2="#">
      <marc:subfield code="t">Technology and the demand for skills : </marc:subfield>
      <marc:subfield code="w">(CaOODSP)9.570595</marc:subfield>
    </marc:datafield>
    <marc:datafield tag="776" ind1="0" ind2="#">
      <marc:subfield code="t">Technologie et demande de compétences : </marc:subfield>
      <marc:subfield code="w">(CaOODSP)9.601245</marc:subfield>
    </marc:datafield>
    <marc:datafield tag="791" ind1=" " ind2=" ">
      <marc:subfield code="t">Technology and the demand for skills : </marc:subfield>
      <marc:subfield code="e">eng</marc:subfield>
      <marc:subfield code="w">(CaOODSP)9.531560</marc:subfield>
    </marc:datafield>
    <marc:datafield tag="830" ind1="#" ind2="0">
      <marc:subfield code="a">Documents de travail ;</marc:subfield>
      <marc:subfield code="v">28</marc:subfield>
      <marc:subfield code="w">(CaOODSP)9.509053</marc:subfield>
    </marc:datafield>
  </marc:record>
</marc:collection>
